Nanoštruktúrované katalyzátory pre selektívnu konverziu lignocelulózy

Saved in:
Bibliographic Details
Main Author: Soták, Tomáš (Author)
Other Authors: (Thesis advisor)
Format: Manuscript Book
Language:Slovak
Published: 2021
Subjects:
Online Access:http://is.stuba.sk/zp/portal_zp.pl?podrobnosti_zp=82457
Tags: Add Tag
No Tags, Be the first to tag this record!

MARC

LEADER 00000ntm a22000003a 4500
001 stuzp82457
003 SK-STU
005 20210320210252.9
007 ta
008 150427s2015----xo-----f-mn---000-0-slo-d
040 |a STU  |b slo 
041 0 |a slo 
100 1 |a Soták, Tomáš  |u 040906  |k Z2  |4 aut  |U FCHPT Dekanát  |T FCHPT Projektové stredisko  |X 21140  |U 040906  |Y 693  |7 A000021140 
242 0 1 |a Nanostructured Catalysts for Selective Conversion of Lignocellulose  |y eng 
245 1 0 |a Nanoštruktúrované katalyzátory pre selektívnu konverziu lignocelulózy 
260 |c 2021 
650 4 |a lignocelulóza  |2 slo 
650 4 |a nanoštruktúrované katalyzátory  |2 slo 
650 4 |a glykoly; vodík; furfural  |2 slo 
650 4 |a furfurylalkohol; organické kyseliny; cyklopentanón  |2 slo 
650 4 |a étery; palivá  |2 slo 
650 4 |a lignocellulose; nanostructured catalysts  |2 eng 
650 4 |a glycols; hydrogen  |2 eng 
650 4 |a furfural; furfuryl alcohol;  |2 eng 
650 4 |a organic acids; cyclopentanone  |2 eng 
650 4 |a ethers; fuels  |2 eng 
700 1 |a ,  |4 ths  |X null  |7 null 
856 4 |u http://is.stuba.sk/zp/portal_zp.pl?podrobnosti_zp=82457